000 00519nam a22001937a 4500
003 MPLRDC
005 20220104184240.0
008 210129b ||||| |||| 00| 0 eng d
020 _a987-986-6597-66-4
082 _a859.6 YDMZ v.2
100 _aMAURICE MAETERLINCK 原著
245 _a青鸟
_c秦仪原创漫画
250 _a初版
260 _a台湾
_b大众国际书局股份有限公司
_c2008
300 _b
490 _a悦读名著漫画版
650 _a儿童故事
942 _cBK
_o859.6 YDMZ v.2
999 _c62773
_d62763